[Event "8th Asia-ch"]
[Site "Subic Bay Free Port PHI"]
[Date "2010.04.24"]
[Round "4"]
[White "Nadera, Barlo"]
[Black "Bitoon, Richard"]
[Result "1-0"]
[WhiteElo "2405"]
[BlackElo "2476"]
[EventDate "2010.04.21"]
[PlyCount "84"]

1.d4 Nf6 2.Nf3 e6 3.g3 b6 4.Bg2 Bb7 5.O-O c5 6.e3 Be7 7.b3 cxd4 8.exd4 O-O
9.Bb2 d5 10.c4 Nc6 11.Nbd2 Rc8 12.h3 dxc4 13.bxc4 Na5 14.Rc1 Ba6 15.Qe2 
Qc7 16.Ne5 Bd6 17.Rfe1 Bxe5 18.dxe5 Nd7 19.Qh5 Nc5 20.Ne4 Bb7 21.Nf6+ gxf6
22.exf6 Kh8 23.Be5 Qd7 24.Rcd1 Qa4 25.Bd6 Rg8 26.Qxf7 Bxg2 27.Kxg2 Nxc4 
28.Bf4 Qc6+ 29.Kg1 Rcf8 30.Qe7 e5 31.f7 exf4 32.fxg8=Q+ Rxg8 33.Rd8 Qg6 
34.Rxg8+ Kxg8 35.Qd8+ Kg7 36.Re7+ Kh6 37.Qf8+ Kh5 38.Qxf4 Qb1+ 39.Kg2 Qd3 
40.Qh4+ Kg6 41.Qxh7+ Kf6 42.Qf7+ Kg5 1-0

[Event "8th Asia-ch"]
[Site "Subic Bay Free Port PHI"]
[Date "2010.04.24"]
[Round "4"]
[White "Harika, Dronavalli"]
[Black "Zeng Chongsheng"]
[Result "1/2-1/2"]
[WhiteElo "2473"]
[BlackElo "2350"]
[EventDate "2010.04.21"]
[PlyCount "78"]

1.d4 d5 2.c4 c6 3.Nf3 Nf6 4.Nc3 dxc4 5.a4 Bf5 6.Ne5 Nbd7 7.Nxc4 Qc7 8.Qd2 
Bd3 9.e3 Bxc4 10.Bxc4 e5 11.Qc2 Bd6 12.h3 O-O 13.O-O exd4 14.exd4 Bh2+ 15.
Kh1 Bf4 16.a5 Bxc1 17.Rfxc1 Qd6 18.Rd1 b5 19.Bd3 Rac8 20.Ne4 Qb4 21.Qd2 
Nd5 22.Rac1 g6 23.Be2 Qxd2 24.Rxd2 Nb4 25.Bf3 Rcd8 26.b3 Kg7 27.Kh2 Nb8 
28.Nc3 Rfe8 29.Rcd1 Re7 30.Ne4 N8a6 31.Nc5 Nc7 32.Nd3 Ncd5 33.Bxd5 Nxd5 
34.Rc1 Rd6 35.Rdc2 Red7 36.Nc5 Re7 37.Nd3 Red7 38.Nc5 Re7 39.Nd3 Red7 
1/2-1/2

[Event "8th Asia-ch"]
[Site "Subic Bay Free Port PHI"]
[Date "2010.04.24"]
[Round "4"]
[White "Yee Soon Wei"]
[Black "Kuderinov, Kirill"]
[Result "0-1"]
[WhiteElo "2209"]
[BlackElo "2442"]
[EventDate "2010.04.21"]
[PlyCount "130"]

1.e4 c5 2.Nf3 Nc6 3.d4 cxd4 4.Nxd4 e5 5.Nb5 d6 6.N1c3 a6 7.Na3 Be6 8.Nc4 
Nf6 9.Bg5 Rc8 10.Nd5 Bxd5 11.Bxf6 Qxf6 12.Qxd5 Nd8 13.Be2 Be7 14.c3 O-O 
15.Nb6 Rc7 16.O-O Ne6 17.Qd2 Qf4 18.Qe3 Qxe3 19.fxe3 Bg5 20.Nd5 Rc6 21.
Rad1 g6 22.g3 Kg7 23.h4 Bd8 24.Bd3 Nc7 25.Nxc7 Bxc7 26.Bc2 b5 27.a3 Bb6 
28.Rf3 a5 29.Rd5 Bc5 30.Bd3 b4 31.cxb4 axb4 32.a4 b3 33.Bb5 Rc7 34.g4 f5 
35.gxf5 gxf5 36.exf5 Kf6 37.Kf2 Bb4 38.Be2 Rc1 39.e4 Bc5+ 40.Rxc5 Rxc5 41.
Rxb3 Ra8 42.Rb6 Rxa4 43.Rxd6+ Ke7 44.Re6+ Kf8 45.Bh5 Rxe4 46.f6 Rc8 47.f7 
Rc2+ 48.Kf3 Rf4+ 49.Kg3 Rcf2 50.Rxe5 Kg7 51.b4 Rf5 52.Re4 Kh6 53.Kg4 Rf6 
54.b5 Rf1 55.Rb4 Rb6 56.Rb3 Rb8 57.b6 Rg1+ 58.Kf5 Kxh5 59.Rb4 Rf1+ 60.Ke6 
Rb7 61.Rb5+ Kh6 62.Kd6 Rfxf7 63.Kc6 Kg7 64.Rb1 Kg6 65.Rb5 h6 0-1

[Event "8th Asia-ch"]
[Site "Subic Bay Free Port PHI"]
[Date "2010.04.24"]
[Round "4"]
[White "Nguyen Thanh Son"]
[Black "Chan Wei Xuan, Timothy"]
[Result "1-0"]
[WhiteElo "2440"]
[BlackElo "2341"]
[EventDate "2010.04.21"]
[PlyCount "83"]

1.c4 Nf6 2.Nc3 e6 3.e4 c5 4.g3 Nc6 5.Bg2 d5 6.d3 dxc4 7.dxc4 Qxd1+ 8.Kxd1 
Bd7 9.h3 O-O-O 10.Be3 Nd4 11.Kc1 Bc6 12.Rh2 h5 13.f4 h4 14.g4 Nd7 15.Nf3 
Nb6 16.Nd2 g6 17.e5 Be7 18.Bxc6 Nxc6 19.Nce4 Nb4 20.a3 Nd3+ 21.Kc2 g5 22.
fxg5 Nxe5 23.b3 Nbd7 24.Rf1 b6 25.Bf4 Rhg8 26.Re2 Nc6 27.Nf3 Nf8 28.Rd2 
Ng6 29.Bd6 Kb7 30.Bxe7 Ncxe7 31.Nd6+ Kc7 32.Nxf7 Rxd2+ 33.Nxd2 Nc6 34.Rf6 
Rg7 35.Nf3 Kd7 36.Rxg6 Rxf7 37.Rf6 Rxf6 38.gxf6 e5 39.Kd3 Ke6 40.g5 Nd4 
41.Nxh4 Nxb3 42.Nf3 1-0

[Event "8th Asia-ch"]
[Site "Subic Bay Free Port PHI"]
[Date "2010.04.24"]
[Round "4"]
[White "Wan Yunguo"]
[Black "Segarra, Randy"]
[Result "1-0"]
[WhiteElo "2424"]
[BlackElo "2298"]
[EventDate "2010.04.21"]
[PlyCount "83"]

1.e4 c5 2.Nf3 e6 3.d4 cxd4 4.Nxd4 a6 5.Bd3 Nf6 6.O-O Qc7 7.a4 b6 8.Qe2 d6 
9.f4 Nbd7 10.Nd2 Bb7 11.Nc4 d5 12.exd5 Bxd5 13.b3 Bc5 14.Bb2 O-O 15.Kh1 
Rfd8 16.Ne5 Bxd4 17.Bxd4 Bb7 18.Nxd7 Rxd7 19.Be5 Qc6 20.Rae1 Nd5 21.Be4 f6
22.Ba1 Qd6 23.c4 f5 24.Be5 Qe7 25.cxd5 fxe4 26.d6 Qf7 27.Qe3 b5 28.a5 Bd5 
29.Rc1 h6 30.h3 Kh7 31.Rc5 Bb7 32.Rfc1 Qg6 33.Kh2 Rf8 34.Rc7 Rff7 35.Qa7 
Rxc7 36.dxc7 Bc8 37.Rd1 e3 38.Qxe3 Rd7 39.Rxd7 Bxd7 40.Qc5 Qe8 41.Qd6 Bc6 
42.Qd3+ 1-0

[Event "8th Asia-ch"]
[Site "Subic Bay Free Port PHI"]
[Date "2010.04.24"]
[Round "4"]
[White "Padmini, Rout"]
[Black "Zhang Zhong"]
[Result "0-1"]
[WhiteElo "2319"]
[BlackElo "2603"]
[EventDate "2010.04.21"]
[PlyCount "96"]

1.e4 g6 2.d4 Bg7 3.Nc3 d6 4.Nf3 a6 5.Bd3 Nd7 6.O-O c5 7.Be3 cxd4 8.Bxd4 
Ngf6 9.Qd2 O-O 10.Rfe1 b5 11.a4 e5 12.Be3 b4 13.Ne2 d5 14.Ng3 Bb7 15.Bh6 
dxe4 16.Nxe4 a5 17.Bxg7 Kxg7 18.b3 Bxe4 19.Bxe4 Rc8 20.Rad1 Qc7 21.Bd3 
Rfe8 22.Ng5 Nb6 23.Ne4 Nxe4 24.Rxe4 Rcd8 25.Rh4 f5 26.Qh6+ Kg8 27.Rc1 e4 
28.Bb5 Re6 29.Rf4 Qg7 30.Qxg7+ Kxg7 31.g4 Re5 32.gxf5 gxf5 33.c4 bxc3 34.
Rh4 Rc5 35.Bc4 Nxc4 36.Rxc3 Rd3 37.Rxc4 Rxc4 38.bxc4 Rc3 39.Kg2 Rxc4 40.
Rh3 Rxa4 41.Rc3 f4 42.Kh3 h5 43.Rc5 Ra2 44.Rxh5 Rxf2 45.Rxa5 e3 46.Kg4 e2 
47.Re5 f3 48.Re7+ Kf6 0-1

[Event "8th Asia-ch"]
[Site "Subic Bay Free Port PHI"]
[Date "2010.04.24"]
[Round "4"]
[White "Battulga, Namhai"]
[Black "Torre, Eugenio"]
[Result "1-0"]
[WhiteElo "2357"]
[BlackElo "2506"]
[EventDate "2010.04.21"]
[PlyCount "159"]

1.e4 e5 2.Nf3 Nc6 3.Bc4 Nf6 4.d4 exd4 5.e5 d5 6.Bb5 Nd7 7.O-O Be7 8.Re1 
O-O 9.Bf4 Ndb8 10.Nbd2 f6 11.Bd3 fxe5 12.Bxe5 Bf6 13.h3 Nd7 14.Bxf6 Qxf6 
15.Nb3 Nb6 16.Be2 d3 17.cxd3 Qxb2 18.d4 Bf5 19.Bb5 Nb4 20.Re2 Qa3 21.Nc5 
c6 22.Re3 Qa5 23.Bd3 Nxd3 24.Nxd3 Rae8 25.Nde5 Nc4 26.Rb3 Nd6 27.Qc1 Qd8 
28.Qc5 a6 29.Re1 Qf6 30.Qb4 Bc8 31.Rbe3 Ne4 32.Qb2 Kh8 33.Nd3 g5 34.Nfe5 
Qg7 35.Qb4 Rd8 36.R1e2 h5 37.Nc5 Nd6 38.Qd2 Nf5 39.Rb3 Rf6 40.Re1 Rdf8 41.
Re2 Nd6 42.Qd1 Rh6 43.Qd2 Rhf6 44.a4 Rg8 45.a5 Rf4 46.Rg3 Rf6 47.Rb3 Nb5 
48.Rbe3 Rf4 49.Nb3 Nd6 50.Nc5 Rgf8 51.Qd1 g4 52.Rd2 Qh7 53.g3 R4f6 54.h4 
Bf5 55.Rb3 Qc7 56.Re2 Bc8 57.Qd2 Rg8 58.Rbe3 Qg7 59.Rb3 Qh7 60.Ncd3 Rf5 
61.Nc5 Nb5 62.Rb4 Rgf8 63.Ncd3 Nd6 64.Nc5 Qg7 65.Rb3 Nb5 66.Rbe3 Nd6 67.
Qb4 Nb5 68.Ncd3 Kg8 69.Qc5 Qh6 70.Nf4 Rxf4 71.gxf4 Qf6 72.Re1 Nd6 73.Nd3 
Ne4 74.Qb4 Qxh4 75.R1e2 Qf6 76.Nc5 Bf5 77.Qxb7 Qxd4 78.Nd7 Rf7 79.Qb8+ Kg7
80.Ne5 1-0

[Event "8th Asia-ch"]
[Site "Subic Bay Free Port PHI"]
[Date "2010.04.24"]
[Round "4"]
[White "Legaspi, Rhobel"]
[Black "Al-Sayed, Mohamad Naser"]
[Result "1/2-1/2"]
[WhiteElo "2314"]
[BlackElo "2503"]
[EventDate "2010.04.21"]
[PlyCount "53"]

1.e4 c5 2.Nf3 d6 3.d4 cxd4 4.Nxd4 Nf6 5.Nc3 a6 6.Bg5 Nbd7 7.Bc4 Qb6 8.Bb3 
e6 9.Qd2 Be7 10.O-O-O Nc5 11.Rhe1 Qc7 12.f4 h6 13.Bh4 Nfxe4 14.Nxe4 Bxh4 
15.Re3 O-O 16.g4 b6 17.g5 d5 18.Nxc5 bxc5 19.Rh3 Qxf4 20.Qxf4 Bxg5 21.Qxg5
hxg5 22.Nc6 Re8 23.c4 d4 24.Bc2 e5 25.Bh7+ Kf8 26.Bf5 Kg8 27.Bh7+ 1/2-1/2

[Event "8th Asia-ch"]
[Site "Subic Bay Free Port PHI"]
[Date "2010.04.24"]
[Round "4"]
[White "Galvan, Jesus"]
[Black "Duong The Anh"]
[Result "0-1"]
[WhiteElo "2230"]
[BlackElo "2425"]
[EventDate "2010.04.21"]
[PlyCount "80"]

1.d4 b6 2.Bf4 Bb7 3.e3 g6 4.Nf3 Bg7 5.Be2 Nf6 6.h3 O-O 7.O-O d6 8.Nbd2 
Nfd7 9.c3 e5 10.Bg5 Qe8 11.Qb3 Nc6 12.Rfe1 Kh8 13.Bh4 h6 14.Bg3 f5 15.Nf1 
g5 16.N3d2 Qg6 17.Qc2 Rae8 18.d5 Ne7 19.c4 a5 20.Bh2 h5 21.Ng3 Nf6 22.e4 
f4 23.Nf5 Bc8 24.Nxg7 Qxg7 25.Kh1 Ng6 26.Nf3 Qh6 27.Qd3 g4 28.Ng1 Nxe4 29.
Qxe4 Bf5 30.Bxf4 exf4 31.Qd4+ Qg7 32.Qxg7+ Kxg7 33.Bf1 Ne5 34.b3 Re7 35.
Rad1 Kf6 36.h4 Rfe8 37.Kh2 g3+ 38.Kh1 gxf2 39.Re2 fxg1=Q+ 40.Kxg1 Bg4 0-1

[Event "8th Asia-ch"]
[Site "Subic Bay Free Port PHI"]
[Date "2010.04.24"]
[Round "4"]
[White "Wang Li"]
[Black "Datu, Alcon John"]
[Result "1-0"]
[WhiteElo "2383"]
[BlackElo "2220"]
[EventDate "2010.04.21"]
[PlyCount "117"]

1.d4 Nf6 2.c4 e6 3.Nf3 Bb4+ 4.Bd2 Qe7 5.g3 Nc6 6.Bg2 Bxd2+ 7.Nbxd2 d6 8.e4
a5 9.O-O e5 10.d5 Nb8 11.h3 O-O 12.Qc2 Na6 13.a3 Bd7 14.b3 c6 15.Qc3 Nc5 
16.Qe3 b5 17.dxc6 Bxc6 18.cxb5 Bxb5 19.Rfc1 Rfb8 20.Ne1 Rb7 21.Rc3 Rab8 
22.Nc2 Qe6 23.b4 Na4 24.Rb3 Bc6 25.Rab1 d5 26.bxa5 d4 27.Rxb7 Rxb7 28.Qe1 
Nc3 29.Rxb7 Bxb7 30.Nb4 Nd7 31.Qf1 Nc5 32.Qc4 Qd6 33.f3 h5 34.h4 Bc8 35.
Nb3 N3a4 36.Nxc5 Nxc5 37.Qd5 Qxd5 38.Nxd5 Kf8 39.Bf1 Bb7 40.Nb4 Ke7 41.Bc4
Ne6 42.a6 Ba8 43.a7 Kd6 44.Bd5 Nc7 45.Bxf7 Nb5 46.Bxh5 Nxa7 47.Be8 Ke7 48.
Ba4 Bb7 49.g4 Nc8 50.Bb3 Nd6 51.a4 Bc8 52.a5 Nb5 53.Bc4 Na7 54.g5 g6 55.
Nd3 Nc6 56.Bd5 Nxa5 57.Nxe5 Nb7 58.Nxg6+ Kd6 59.h5 1-0

[Event "8th Asia-ch"]
[Site "Subic Bay Free Port PHI"]
[Date "2010.04.24"]
[Round "4"]
[White "Causo, Deniel"]
[Black "Xiu Deshun"]
[Result "0-1"]
[WhiteElo "2302"]
[BlackElo "2493"]
[EventDate "2010.04.21"]
[PlyCount "192"]

1.e4 c5 2.c3 d6 3.d4 Nf6 4.Bd3 Nc6 5.Nf3 e5 6.dxe5 dxe5 7.O-O Be7 8.Qe2 
O-O 9.Rd1 Qc7 10.Bc4 Na5 11.Na3 a6 12.Bg5 Nh5 13.Nxe5 Bxg5 14.Qxh5 Nxc4 
15.Naxc4 f6 16.Nd3 Be6 17.Ne3 Rad8 18.Qf3 Kh8 19.Nd5 Qc8 20.h3 f5 21.c4 
fxe4 22.Qxe4 Rde8 23.Qe5 Bxd5 24.Qxd5 Rf5 25.Qd6 Rd8 26.Qg3 Rd4 27.b3 Qd8 
28.Re1 Kg8 29.Rad1 Bf4 30.Qg4 Bh2+ 31.Kxh2 Rxg4 32.hxg4 Qh4+ 33.Kg1 Qxg4 
34.Re8+ Rf8 35.Rde1 Qd4 36.R8e3 h6 37.a4 Kh7 38.Ne5 Rf6 39.Rf3 Qd2 40.Ree3
Re6 41.Nd3 Qd1+ 42.Ne1 Rd6 43.Kf1 Rd2 44.Re7 Qa1 45.g3 Rd1 46.Rff7 b6 47.
Re3 Rb1 48.Rd7 Qf6 49.Rd2 Qc6 50.Kg1 b5 51.axb5 axb5 52.cxb5 Qxb5 53.Rd5 
Qb4 54.Rde5 Qd4 55.R5e4 Qd1 56.Re5 Rc1 57.Kg2 Qd6 58.Kg1 Qd4 59.R5e4 Qd1 
60.Re5 h5 61.Kg2 Kh6 62.Kg1 g6 63.Kg2 Qd6 64.Kg1 Qd4 65.R5e4 Qd2 66.Re2 
Qd5 67.R2e3 Rb1 68.Re5 Qd4 69.R5e4 Qd2 70.Re5 Rb2 71.Rf3 Qd4 72.Re7 Qd5 
73.Rd3 Qg8 74.Re5 Qf8 75.Nf3 Rc2 76.Kg2 Qa8 77.Re1 Qa2 78.Rf1 Qb2 79.Nh4 
Rc3 80.Rd6 Rxg3+ 81.Kxg3 Qe5+ 82.f4 Qxd6 83.Rf3 Qd4 84.Ng2 Qg1 85.Kh3 Kg7 
86.Ne3 Kf6 87.Ng2 Kf5 88.Rd3 Ke4 89.Rd6 Kf3 90.Rd3+ Ke2 91.Rd6 Qb1 92.Kh4 
Kf3 93.Rd2 Qxb3 94.Kg5 Qe6 95.Nh4+ Ke3 96.Rg2 Qe7+ 0-1

[Event "8th Asia-ch"]
[Site "Subic Bay Free Port PHI"]
[Date "2010.04.24"]
[Round "4"]
[White "Bui Vinh"]
[Black "Olay, Edgar Reggie"]
[Result "1-0"]
[WhiteElo "2480"]
[BlackElo "2304"]
[EventDate "2010.04.21"]
[PlyCount "115"]

1.d4 d5 2.Bg5 Bf5 3.c4 h6 4.Bf4 e6 5.Nc3 c6 6.e3 Nf6 7.Qb3 Qb6 8.c5 Qxb3 
9.axb3 Nbd7 10.b4 g5 11.Bg3 Nh5 12.b5 Nxg3 13.hxg3 Bg7 14.f4 O-O 15.Nf3 g4
16.Nd2 f6 17.Nb3 Rfc8 18.Na5 Rab8 19.Kd2 e5 20.b4 exd4 21.exd4 Nf8 22.Nb3 
Ra8 23.bxc6 bxc6 24.Ba6 Rcb8 25.b5 Ne6 26.Rhe1 Bf8 27.Re3 Nc7 28.Ra5 Bd7 
29.bxc6 Bxc6 30.Kc2 h5 31.Bd3 Kg7 32.Re1 Rb7 33.Rea1 Be8 34.Nc1 Kh6 35.
N1e2 Bc6 36.f5 Be8 37.Nf4 Bf7 38.Nb5 Nxb5 39.Rxb5 Rc7 40.Ra6 Kg5 41.Ne2 
Re8 42.Kd2 Rd8 43.Rb1 Bh6 44.Ke1 Re8 45.Kf2 Rce7 46.c6 Bf8 47.Rb7 Rxb7 48.
cxb7 Rb8 49.Rxa7 Bd6 50.Nc3 Bc7 51.Na4 Bd6 52.Nc5 Be8 53.Na6 Rd8 54.Ra8 
Rd7 55.Rxe8 Rxb7 56.Rg8+ Kh6 57.Rg6+ Kh7 58.Rxf6 1-0

[Event "8th Asia-ch"]
[Site "Subic Bay Free Port PHI"]
[Date "2010.04.24"]
[Round "4"]
[White "Mariano, Nelson"]
[Black "Wohl, Aleksandar"]
[Result "1-0"]
[WhiteElo "2118"]
[BlackElo "2441"]
[EventDate "2010.04.21"]
[PlyCount "137"]

1.e4 Nc6 2.Nf3 d6 3.d4 Nf6 4.Nc3 Bg4 5.Bb5 a6 6.Bxc6+ bxc6 7.h3 Bh5 8.Bg5 
h6 9.Bxf6 exf6 10.Ne2 Bg6 11.Ng3 d5 12.Qe2 dxe4 13.O-O f5 14.c3 Bd6 15.Ne5
Bxe5 16.dxe5 Qd5 17.f4 O-O 18.Rfd1 Qc5+ 19.Qf2 e3 20.Qe2 f6 21.exf6 Rxf6 
22.Rd3 Re8 23.Re1 Rfe6 24.Nf1 Qc4 25.Rxe3 Qc5 26.Qf2 Rxe3 27.Rxe3 Rxe3 28.
Qxe3 Qd5 29.b3 Bf7 30.Qd2 Qe4 31.c4 Qe7 32.Ng3 g6 33.Kh2 Qd6 34.Qxd6 cxd6 
35.Ne2 Kf8 36.Kg3 Ke7 37.Kf3 Kd7 38.Ke3 Kc7 39.Kd3 c5 40.Nc3 Kc6 41.g3 Be6
42.Ke3 Kb6 43.Kd3 Ka5 44.a3 Bf7 45.Ke3 Kb6 46.Kd3 a5 47.Na4+ Kc6 48.Nc3 g5
49.fxg5 hxg5 50.h4 f4 51.hxg5 fxg3 52.Ke3 Bg6 53.Nd5 Kd7 54.Kf3 Bc2 55.
Kxg3 Bxb3 56.Kf4 Ke6 57.Ne3 Ba4 58.g6 Kf6 59.Nf5 Kxg6 60.Nxd6 Kf6 61.Ne4+ 
Ke7 62.Nxc5 Bc6 63.Ke5 a4 64.Nd3 Kd7 65.Kd4 Kc7 66.Kc3 Be4 67.Nc5 Bf3 68.
Nxa4 Kc6 69.Nb2 1-0

[Event "8th Asia-ch"]
[Site "Subic Bay Free Port PHI"]
[Date "2010.04.24"]
[Round "4"]
[White "Turqueza, Mari Joseph"]
[Black "Li Hanbin"]
[Result "1-0"]
[WhiteElo "2087"]
[BlackElo "2330"]
[EventDate "2010.04.21"]
[PlyCount "85"]

1.d4 d5 2.c4 c6 3.Nf3 Nf6 4.Nc3 dxc4 5.a4 Bf5 6.Ne5 Nbd7 7.Nxc4 Qc7 8.g3 
e5 9.dxe5 Nxe5 10.Bf4 Nfd7 11.Bg2 f6 12.O-O O-O-O 13.Nxe5 Nxe5 14.Qb3 Qf7 
15.Qxf7 Nxf7 16.a5 a6 17.Na4 Bd6 18.Be3 Rhe8 19.Rfc1 Bc7 20.Nc5 Nd6 21.Ra4
Nb5 22.Rac4 Nd6 23.Rf4 g5 24.Ra4 Nb5 25.h4 h6 26.Nxb7 Kxb7 27.Rxc6 Kc8 28.
Rxa6 gxh4 29.Rxh4 Bxg3 30.Rc4+ Bc7 31.Ra8+ Kd7 32.Bc6+ Ke7 33.Rxd8 Rxd8 
34.a6 Bh3 35.f4 Nd6 36.Bc5 Bd7 37.Re4+ Kf7 38.Bd5+ Kg7 39.Re7+ Kf8 40.Rf7+
Ke8 41.Rxf6 Bb5 42.a7 Kd7 43.a8=Q 1-0

[Event "8th Asia-ch"]
[Site "Subic Bay Free Port PHI"]
[Date "2010.04.24"]
[Round "4"]
[White "Paulo, Bersamina"]
[Black "De Ramos, Julius"]
[Result "0-1"]
[WhiteElo "1927"]
[BlackElo "2314"]
[EventDate "2010.04.21"]
[PlyCount "66"]

1.e4 e6 2.d3 d5 3.Nd2 Nf6 4.Ngf3 Nc6 5.g3 dxe4 6.dxe4 Bc5 7.Bg2 O-O 8.O-O 
e5 9.Qe2 b6 10.Nb3 Bd6 11.c3 a5 12.Qc2 a4 13.Nbd2 Bc5 14.Nc4 Ng4 15.Ne3 
Nxe3 16.Bxe3 Bxe3 17.fxe3 Qe7 18.Rf2 Be6 19.Nh4 g6 20.Qe2 Qc5 21.Bf1 a3 
22.Qb5 axb2 23.Rb1 Qxc3 24.Rbxb2 Ra5 25.Qe2 Nb4 26.Nf5 Rfa8 27.Qg4 Rxa2 
28.Nh6+ Kg7 29.Qg5 Rxb2 30.Qf6+ Kxh6 31.g4 Rxf2 32.g5+ Kh5 33.Qxf2 Kxg5 
0-1

[Event "8th Asia-ch"]
[Site "Subic Bay Free Port PHI"]
[Date "2010.04.25"]
[Round "5"]
[White "Gupta, Abhijeet"]
[Black "Yu Yangyi"]
[Result "1/2-1/2"]
[WhiteElo "2560"]
[BlackElo "2574"]
[EventDate "2010.04.21"]
[PlyCount "208"]

1.d4 d5 2.c4 c6 3.Nc3 Nf6 4.Nf3 e6 5.g3 dxc4 6.Bg2 b5 7.O-O Bb7 8.Ne5 a6 
9.a4 Bd6 10.axb5 axb5 11.Rxa8 Bxa8 12.Nxb5 cxb5 13.Bxa8 O-O 14.Bg2 Nd5 15.
Nf3 Nc6 16.e4 Ndb4 17.b3 c3 18.Qe2 Na5 19.Qxb5 Nxb3 20.Bg5 f6 21.Qc4 fxg5 
22.Qxb3 c2 23.Nxg5 Qxg5 24.Qxe6+ Rf7 25.Qc4 Qd8 26.Rc1 Qc7 27.Qb3 Kh8 28.
e5 Bf8 29.Be4 Rd7 30.Qf3 Rd8 31.Qh5 g6 32.Bxg6 Rxd4 33.Bxc2 Rc4 34.Qf5 Qe7
35.Rd1 Nxc2 36.Rd7 Nd4 37.Rxe7 Nxf5 38.Rf7 Ne3 39.fxe3 Bc5 40.Kg2 Re4 41.
Rc7 Bxe3 42.Rc8+ Kg7 43.Rc7+ Kg8 44.Rc8+ Kf7 45.Rc7+ Kg6 46.Rc6+ Kf5 47.
Rf6+ Kg5 48.h4+ Kg4 49.Rf7 h6 50.Rg7+ Kf5 51.g4+ Kf4 52.g5 hxg5 53.hxg5 
Rxe5 54.Rf7+ Kxg5 55.Kf3 Bd4 56.Rg7+ Kf6 57.Rg8 Re1 58.Rf8+ Kg5 59.Rg8+ 
Kf5 60.Rf8+ Bf6 61.Kf2 Ra1 62.Kf3 Ra3+ 63.Ke2 Ke5 64.Kf2 Bg5 65.Re8+ Kd4 
66.Kg2 Bf4 67.Re2 Be3 68.Kf3 Rb3 69.Rg2 Bh6+ 70.Kf2 Ke4 71.Ke2 Be3 72.Rg4+
Bf4 73.Rg2 Rc3 74.Kf2 Ra3 75.Ke2 Bg3 76.Kf1 Kf4 77.Rc2 Kf3 78.Rf2+ Kg4 79.
Rc2 Bf4 80.Rg2+ Kf3 81.Rf2+ Ke4 82.Re2+ Be3 83.Kg2 Ra1 84.Kg3 Ra8 85.Rg2 
Rf8 86.Kg4 Bf2 87.Kh3 Ke3 88.Rg6 Rf3+ 89.Kg4 Rf4+ 90.Kg5 Bh4+ 91.Kh5 Bf6 
92.Rg3+ Kf2 93.Rg4 Rf3 94.Kg6 Ke3 95.Kf7 Be5+ 96.Ke6 Bf4 97.Rg7 Ke4 98.Rg1
Ra3 99.Re1+ Be3 100.Kd6 Ra6+ 101.Ke7 Kd4 102.Kf7 Bf4 103.Re6 Ra5 104.Kf6 
Be5+ 1/2-1/2

[Event "8th Asia-ch"]
[Site "Subic Bay Free Port PHI"]
[Date "2010.04.25"]
[Round "5"]
[White "Li Chao"]
[Black "Macala, Allan"]
[Result "1-0"]
[WhiteElo "2613"]
[BlackElo "2283"]
[EventDate "2010.04.21"]
[PlyCount "37"]

1.e4 e6 2.d4 d5 3.Nc3 Nf6 4.e5 Nfd7 5.f4 c5 6.Nf3 Nc6 7.Be3 Be7 8.Qd2 O-O 
9.dxc5 Bxc5 10.Bxc5 Nxc5 11.O-O-O Qa5 12.h4 Re8 13.Qe3 Bd7 14.f5 Ne7 15.f6
Nf5 16.Qd2 Na4 17.g4 Nc5 18.gxf5 d4 19.Qg5 1-0

[Event "8th Asia-ch"]
[Site "Subic Bay Free Port PHI"]
[Date "2010.04.25"]
[Round "5"]
[White "Laylo, Darwin"]
[Black "Gopal, Geetha Narayanan"]
[Result "0-1"]
[WhiteElo "2527"]
[BlackElo "2604"]
[EventDate "2010.04.21"]
[PlyCount "88"]

1.d4 Nf6 2.c4 g6 3.Nf3 Bg7 4.Nc3 d5 5.e3 O-O 6.Be2 c6 7.O-O e6 8.Qc2 Nbd7 
9.b3 b6 10.a4 Bb7 11.Ba3 c5 12.Rad1 Re8 13.Ne5 cxd4 14.exd4 a6 15.Bf3 Nxe5
16.dxe5 Nd7 17.Rfe1 Nxe5 18.Ne4 Nxf3+ 19.gxf3 d4 20.Rd3 Qc7 21.Nd6 Red8 
22.Nxb7 Qxb7 23.Qe2 b5 24.Qe4 Rab8 25.Bc5 bxc4 26.bxc4 e5 27.a5 Qxe4 28.
fxe4 Rb2 29.Ba3 Rc2 30.Rb1 Rxc4 31.Rb6 f5 32.f3 Rc3 33.Rxc3 dxc3 34.Rc6 
Rd3 35.Kf2 fxe4 36.fxe4 Bh6 37.Bb4 Bd2 38.Ke2 Re3+ 39.Kd1 Rxe4 40.Bxc3 
Bxc3 41.Rxc3 Rd4+ 42.Ke2 Rd5 43.Ke3 Rxa5 44.Ke4 Kg7 0-1

[Event "8th Asia-ch"]
[Site "Subic Bay Free Port PHI"]
[Date "2010.04.25"]
[Round "5"]
[White "Zhou Jianchao"]
[Black "Barbosa, Oliver"]
[Result "1-0"]
[WhiteElo "2650"]
[BlackElo "2452"]
[EventDate "2010.04.21"]
[PlyCount "83"]

1.d4 Nf6 2.c4 e6 3.Nc3 d5 4.cxd5 exd5 5.Bg5 Be7 6.e3 O-O 7.Bd3 Nbd7 8.Nge2
c6 9.Qc2 Re8 10.O-O Nf8 11.f3 Nh5 12.Bxe7 Rxe7 13.Qd2 Ne6 14.Rad1 Nf6 15.
Kh1 b5 16.e4 b4 17.Na4 Qa5 18.e5 Nd7 19.Qc2 Ndf8 20.f4 c5 21.Nxc5 Rc7 22.
Qd2 Nxc5 23.dxc5 Bg4 24.a3 Rb8 25.c6 Bxe2 26.Bxe2 Rxc6 27.Bf3 Rc5 28.Bxd5 
bxa3 29.bxa3 Rbb5 30.Ba2 Qxd2 31.Rxd2 Rc3 32.a4 Ra5 33.g3 Rac5 34.Rb1 Rc2 
35.Rb2 Rxd2 36.Rxd2 h6 37.Kg2 g5 38.Kf3 Rc3+ 39.Kg4 gxf4 40.gxf4 Ra3 41.
Kf5 Ng6 42.Bxf7+ 1-0

[Event "8th Asia-ch"]
[Site "Subic Bay Free Port PHI"]
[Date "2010.04.25"]
[Round "5"]
[White "Golizadeh, Asghar"]
[Black "Nguyen Ngoc Truong Son"]
[Result "1-0"]
[WhiteElo "2454"]
[BlackElo "2642"]
[EventDate "2010.04.21"]
[PlyCount "86"]

1.e4 c6 2.d4 d5 3.Nc3 dxe4 4.Nxe4 Bf5 5.Ng3 Bg6 6.h4 h6 7.Nf3 Nd7 8.h5 Bh7
9.Bd3 Bxd3 10.Qxd3 e6 11.Bd2 Ngf6 12.O-O-O Be7 13.Ne4 Nxe4 14.Qxe4 Nf6 15.
Qe2 Qd5 16.Kb1 Qe4 17.Qxe4 Nxe4 18.Be3 O-O 19.Ne5 Rfd8 20.g4 c5 21.c3 cxd4
22.Rxd4 Rxd4 23.Bxd4 Bg5 24.Re1 Nf6 25.Be3 Bxe3 26.Rxe3 Rd8 27.Kc2 Kf8 28.
c4 Rd4 29.f3 Nd7 30.Kc3 Rd1 31.Nxd7+ Rxd7 32.Rd3 Rxd3+ 33.Kxd3 g5 34.b4 f6
35.c5 Ke7 36.a4 Kd7 37.Kc4 Kc6 38.b5+ Kc7 39.Kd4 Kd7 40.Kc3 Kc7 41.Kc4 Kd7
42.Kb4 Kc7 43.Ka5 Kd7 1-0

[Event "8th Asia-ch"]
[Site "Subic Bay Free Port PHI"]
[Date "2010.04.25"]
[Round "5"]
[White "Ghaem Maghami, Ehsan"]
[Black "Sharavdorj, Dashzeveg"]
[Result "1/2-1/2"]
[WhiteElo "2575"]
[BlackElo "2443"]
[EventDate "2010.04.21"]
[PlyCount "60"]

1.c4 e6 2.Nf3 d5 3.d4 Nf6 4.g3 Bb4+ 5.Bd2 Be7 6.Bg2 c6 7.Qc2 O-O 8.O-O 
Nbd7 9.Bf4 b6 10.Nc3 Bb7 11.Rfd1 Nh5 12.b3 Nxf4 13.gxf4 g6 14.e4 dxe4 15.
Qxe4 Nf6 16.Qe3 Qc7 17.Ne5 Rad8 18.c5 bxc5 19.dxc5 Nd5 20.Nxd5 exd5 21.b4 
a5 22.a3 Bf6 23.Re1 Ra8 24.Rab1 axb4 25.axb4 Ba6 26.Ng4 Bg7 27.f5 Qd8 28.
Qf4 gxf5 29.Qxf5 Bc8 30.Qf4 Bxg4 1/2-1/2

[Event "8th Asia-ch"]
[Site "Subic Bay Free Port PHI"]
[Date "2010.04.25"]
[Round "5"]
[White "Antonio, Rogelio jr"]
[Black "Nguyen Thanh Son"]
[Result "1/2-1/2"]
[WhiteElo "2572"]
[BlackElo "2440"]
[EventDate "2010.04.21"]
[PlyCount "61"]

1.e4 c5 2.Nf3 d6 3.c3 Nf6 4.Be2 Nc6 5.d4 cxd4 6.cxd4 Nxe4 7.d5 Qa5+ 8.Nc3 
Nxc3 9.bxc3 Ne5 10.O-O Nxf3+ 11.Bxf3 Bd7 12.Re1 Qa4 13.Qd2 Bf5 14.c4 O-O-O
15.Bd1 Qxc4 16.Re3 Kb8 17.Rc3 Qh4 18.g3 Qf6 19.Bf3 g5 20.Bb2 Bg7 21.Rb3 
Qg6 22.Rc1 Rc8 23.Rc6 Rc7 24.Rxc7 Kxc7 25.Qe3 Bxb2 26.Qxa7 Bc8 27.Rxb2 Qd3
28.Rb3 Qd2 29.Bg4 Qc1+ 30.Kg2 Qc5 31.Qa8 1/2-1/2

[Event "8th Asia-ch"]
[Site "Subic Bay Free Port PHI"]
[Date "2010.04.25"]
[Round "5"]
[White "Djao Thien Hai"]
[Black "Wan Yunguo"]
[Result "0-1"]
[WhiteElo "2523"]
[BlackElo "2424"]
[EventDate "2010.04.21"]
[PlyCount "70"]

1.d4 Nf6 2.c4 g6 3.Nc3 Bg7 4.e4 d6 5.Be2 O-O 6.Bg5 Na6 7.Nf3 e5 8.O-O h6 
9.Be3 Qe7 10.dxe5 dxe5 11.Nd5 Qd8 12.Qc1 Ng4 13.Bd2 c6 14.Nc3 Kh7 15.h3 
Nf6 16.Nxe5 Nc5 17.Bf3 Qe7 18.Ng4 Nxg4 19.hxg4 Nd3 20.Qc2 Ne5 21.Be2 Bxg4 
22.Bf4 Bxe2 23.Nxe2 Ng4 24.Rad1 Rfe8 25.Nc3 Be5 26.Qe2 Qh4 27.Rd3 Bxf4 28.
Rh3 Qg5 29.g3 Bc7 30.Kg2 Nf6 31.f4 Qg4 32.Qc2 Qe6 33.f5 Qe5 34.Qc1 h5 35.
Qg5 Kg7 0-1

[Event "8th Asia-ch"]
[Site "Subic Bay Free Port PHI"]
[Date "2010.04.25"]
[Round "5"]
[White "Kuderinov, Kirill"]
[Black "Gomez, John Paul"]
[Result "0-1"]
[WhiteElo "2442"]
[BlackElo "2507"]
[EventDate "2010.04.21"]
[PlyCount "56"]

1.e4 e6 2.Qe2 c5 3.Nf3 Nc6 4.g3 g6 5.Bg2 Bg7 6.O-O Nge7 7.d3 d6 8.c3 O-O 
9.Rd1 e5 10.Na3 f5 11.exf5 gxf5 12.Bg5 h6 13.Bh4 Qc7 14.Nb5 Qd7 15.Bxe7 
Nxe7 16.d4 cxd4 17.cxd4 e4 18.Ne5 dxe5 19.dxe5 Qc6 20.Rac1 Qg6 21.Rc7 Qe6 
22.Rd6 Qxe5 23.Bf1 f4 24.Qc4+ Kh8 25.Rc5 Qxb2 26.Qxe4 fxg3 27.Rc2 gxh2+ 
28.Kg2 Qa1 0-1

[Event "8th Asia-ch"]
[Site "Subic Bay Free Port PHI"]
[Date "2010.04.25"]
[Round "5"]
[White "Nadera, Barlo"]
[Black "Salem, A. R. Saleh"]
[Result "1-0"]
[WhiteElo "2405"]
[BlackElo "2483"]
[EventDate "2010.04.21"]
[PlyCount "114"]

1.d4 Nf6 2.c4 g6 3.Nc3 d5 4.Nf3 Bg7 5.Qb3 dxc4 6.Qxc4 O-O 7.Bf4 c6 8.e4 b5
9.Qb3 Qa5 10.Bd2 b4 11.Na4 Na6 12.Bxa6 Bxa6 13.Bxb4 Qb5 14.Nc3 Qh5 15.Qa3 
Bd3 16.e5 Qg4 17.Rg1 c5 18.Bxc5 Bh6 19.h3 Qf5 20.Rd1 Bc2 21.Rd2 Bxd2+ 22.
Nxd2 Rfe8 23.g4 Qe6 24.Rg3 Nd5 25.Nxd5 Qxd5 26.Qa6 Qh1+ 27.Qf1 Qb7 28.b3 
Be4 29.Re3 Bd5 30.f4 Rac8 31.f5 Rc6 32.Qf4 f6 33.exf6 Rxf6 34.Re5 gxf5 35.
gxf5 Kh8 36.Nf1 Ra6 37.Ne3 Bf7 38.d5 Rxa2 39.Re4 Ra1+ 40.Kf2 Ra2+ 41.Ke1 
Ra1+ 42.Kd2 Ra2+ 43.Kc3 Rc8 44.Qe5+ Kg8 45.Rg4+ Bg6 46.Qe6+ Kg7 47.Rc4 
Rxc5 48.Rxc5 Ra3 49.d6 Bf7 50.f6+ exf6 51.Nf5+ Kg6 52.Ne7+ Kg7 53.Qg4+ Bg6
54.Nf5+ Kf8 55.Nd4 f5 56.Qg5 Rxb3+ 57.Nxb3 Qf3+ 1-0